| 000 | 03002nam0a2200385 4500 | ||
|---|---|---|---|
| 001 | RU\NLR\BIBL_A\011781804 | ||
| 005 | 20181108113617.0 | ||
| 010 |
_a978-5-6041114-8-2 _9500 |
||
| 021 |
_aRU _bКН-П-18-056391 _9КН-П-18-4068 |
||
| 035 | _a(NLR Aleph) 011781804 | ||
| 035 | _a(RuMoRGB)009703688 | ||
| 090 |
_a11780582 _c11780582 |
||
| 100 | _a20180904d2018 k y0rusy50 ca | ||
| 101 | 0 | _arus | |
| 102 | _aRU | ||
| 105 | _aac||z|||100zy | ||
| 200 | 1 |
_aВоспитание и обучение: теория, методика и практика _eсборник материалов XIII Международной научно-практической конференции _fФедеральное государственное бюджетное образовательное учреждение высшего образования "Чувашский государственный университет имени И.Н. Ульянова", Харьковский национальный педагогический университет им. Г.С. Сковороды, Актюбинский региональный государственный университет имени К. Жубанова [и др. _gредакционная коллегия: Яковлева Татьяна Валериановна, ответственный редактор и др.] |
|
| 210 |
_aЧебоксары _cИнтерактив плюс _d2018 |
||
| 215 |
_a233 с. _cил., портр., табл. _d21 |
||
| 320 | _aБиблиогр. в конце ст. | ||
| 606 | 1 |
_aВоспитание _jСъезды, совещания и т.п _2nlr_sh2 _3RU\NLR\AUTH\663355 |
|
| 606 | 1 |
_aДидактика _jСъезды, совещания и т.п _2nlr_sh2 _3RU\NLR\AUTH\66105464 |
|
| 686 | 1 | _aЧ312я431 | |
| 686 | 1 | _aЧ313я431 | |
| 702 | 1 |
_aЯковлева _bТ. В. _cспециалист в обл. образования _gТатьяна Валериановна _3RU\NLR\AUTH\770132371 _4340 |
|
| 711 | 1 | 2 |
_a"Воспитание и обучение: теория, методика и практика", международная научно-практическая конференция _d13 _f2018 _eЧебоксары _3RU\NLR\AUTH\880482091 |
| 712 | 0 | 2 |
_aЧувашский государственный университет им. И. Н. Ульянова _cЧебоксары _3RU\NLR\AUTH\8814249 _4570 |
| 712 | 0 | 2 |
_aХарьковский национальный педагогический университет им. Г. С. Сковороды _3RU\NLR\AUTH\8810225912 _4570 |
| 712 | 0 | 2 |
_aАктюбинский региональный государственный университет им. К. Жубанова _3RU\NLR\AUTH\880486045 _4570 |
| 942 | _cBOOK | ||
| 980 | _aNBR | ||
| 980 | _aNB | ||